000 00243nam a2200097Ia 4500
005 20251222114349.0
008 251222s1900||||xx |||||||||||||| ||spa||
082 _aDVD0070/P18/1993
245 0 _aEl informe pelĂ­cano:The pelican brief
942 _cDVD
999 _c1161
_d1161